| 000 | 01195cam a2200253 4500 | ||
|---|---|---|---|
| 001 | ABS65728 | ||
| 008 | 020723n2002 000 0 eng u | ||
| 035 | _a(Sirsi) u119008 | ||
| 100 | _aBeale, P | ||
| 245 | _aCable addicts | ||
| 260 | _c2002 | ||
| 490 |
_aEstates Gazette _v(0217) 27 April 2002, 140-141(2) |
||
| 520 | _aLooks at the issues developers need to consider when implementing a telecommunications infrastructure. If developers implement one scheme with one telecoms provider there will be big disruption and costs for the tenant if they want to use another network. A better option is to design a campus-wide flexible telecommunications network before the scheme is built, enabling developers to attract tenants more easily. Summarises what tenants need from a telecoms infrastructure, the advantages for developers, and how the process works. Diagram. | ||
| 590 | _aABS | ||
| 650 | _aDEVELOPERS | ||
| 650 | _aTENANT | ||
| 650 |
_aInfrastructure _96246 |
||
| 650 | _aCABLING | ||
| 650 | _aTELECOMMUNICATIONS NETWORKS | ||
| 650 | _aTELECOMMUNICATIONS | ||
| 650 | _aBUSINESS PARKS | ||
| 690 | _aMANAGEMENT-BUSINESS MANAGEMENT-INFORMATION MANAGEMENT | ||
| 942 | _n0 | ||
| 999 |
_c70802 _d70802 |
||